000 00679nam a2200241Ia 4500
003 OSt
005 20250211155526.0
008 220923b |||||||| |||| 00| 0 eng d
020 _a0761993827
037 _cGeneral Book
040 _aRTL
_cRTL
_beng
041 _2eng
_aeng
084 _azG:g(W)
100 _aPAREKH, Bhikhu
_914499
245 0 _aColonialism, tradition and reform
_b An analysis of Gandhi's political discourse
250 _aRev. Ed
260 _a New Delhi
_bSage Publication
_c1999
300 _a359p
650 _aGandhiana
650 _aLAW
942 _hzG:g(W), M9;N4/TD1
_cGB
_2CC
_n0
999 _c612756
_d612756